Hacia un diagnostico de la negociacion estrategica
Guardado en:
| Hovedforfatter: | |
|---|---|
| Format: | Bog |
| Sprog: | Spanish |
| Udgivet: |
Azcapotzalco, Distrito Federal, México
Universidad Autónoma Metropolitana
1986
|
| Fag: | |
| Tags: |
Tilføj Tag
Ingen Tags, Vær først til at tagge denne postø!
|
MARC
| LEADER | 00000nam a2200000 4500 | ||
|---|---|---|---|
| 003 | cru CIDCACS/IIS | ||
| 005 | 20190121143319.0 | ||
| 008 | 190121b1986 MX ||||| |||| 00| 0 spa d | ||
| 999 | |c 42083 |d 42083 | ||
| 040 | |c cru CIDCACS/IIS | ||
| 090 | |a REV0001 7(17) 1986 | ||
| 100 | 1 | |9 8234 |a Saxe-Fernández, John | |
| 245 | |a Hacia un diagnostico de la negociacion estrategica |c John Saxe-Fernández | ||
| 260 | |a Azcapotzalco, Distrito Federal, México |b Universidad Autónoma Metropolitana |c 1986 | ||
| 300 | |a Páginas 139-149 | ||
| 650 | 4 | |2 OCDE |9 2646 |a RELACIONES INTERNACIONALES | |
| 650 | 0 | |2 OCDE |9 2347 |a DISPOSITIVOS DE SEGURIDAD | |
| 650 | 0 | |2 UNAM |9 1008 |a NEGOCIACION | |
| 650 | 0 | |2 OCDE |9 5212 |a SEGURIDAD NACIONAL | |
| 650 | 0 | |2 OCDE |9 7975 |a DEFENSA | |
| 651 | 0 | |9 245 |a ESTADOS UNIDOS | |
| 773 | 0 | |0 18805 |9 2594 |d Azcapotzalco UAM |o 02235 |t AZCAPOTZALCO | |
| 942 | |2 ddc |c PP | ||
